[Event "VII. Solinger Karnevalsopen"]
[Site "Solingen"]
[Date "2016.02.06"]
[Round "3.32"]
[White "Fodor, Bernhard"]
[Black "Tanz, Manfred"]
[Result "0-1"]
[WhiteElo "1315"]
[BlackElo "1604"]
[PlyCount "104"]
[EventDate "2016.??.??"]
[WhiteTeam "SG Solingen"]
[BlackTeam "Vohwinkeler SC"]

1. f4 e5 2. fxe5 d6 3. g3 Nc6 4. d4 dxe5 5. d5 Nb8 6. a3 Bd6 7. e4 Nf6 8. Bg5
h6 9. Bxf6 Qxf6 10. Bg2 b6 11. Ne2 O-O 12. Nd2 Bc5 13. Rf1 Qd6 14. b4 Bxb4 15.
axb4 Qxb4 16. c3 Qe7 17. Nf3 h5 18. Nh4 g6 19. Qd2 Kh7 20. c4 Ba6 21. Nc3 Bxc4
22. Rf3 Nd7 23. d6 cxd6 24. Bh3 Be6 25. Nd5 Bxd5 26. Qxd5 Nf6 27. Qc6 a5 28.
Rxf6 Qxf6 29. Ke2 Qe7 30. Rf1 Qa7 31. Nf3 Qa6+ 32. Kf2 f6 33. Be6 Qd3 34. Bc4
Qc2+ 35. Kg1 Qb2 36. Qc7+ Kh6 37. Be6 Qb4 38. Qc1+ Kh7 39. Qc7+ Kh8 40. Qe7
Rae8 41. Qd7 Qc5+ 42. Kg2 b5 43. Nh4 Qc2+ 44. Kg1 Qxe4 45. Rxf6 Rg8 46. Nxg6+
Rxg6 47. Qxe8+ Kh7 48. Bf5 Qe1+ 49. Kg2 Qe2+ 50. Kh3 Qf1+ 51. Kh4 Qc4+ 52. Kxh5
Qe2+ 0-1

[Event "VII. Solinger Karnevalsopen"]
[Site "Solingen"]
[Date "2016.02.06"]
[Round "3.33"]
[White "Ehringfeld, Michael"]
[Black "Lenarth, Markus"]
[Result "1-0"]
[WhiteElo "1603"]
[BlackElo "947"]
[PlyCount "35"]
[EventDate "2016.??.??"]
[WhiteTeam "SG Solingen"]
[BlackTeam "Fideler Bauer Leverkusen"]

1. d4 d5 2. Nf3 Nc6 3. Bf4 Nf6 4. h3 Nh5 5. Bh2 e6 6. e3 Bd6 7. Bxd6 Qxd6 8. a3
O-O 9. Nbd2 e5 10. Nxe5 Nxe5 11. Qxh5 Nc6 12. Bd3 g6 13. Qh6 Re8 14. Nf3 Qf6
15. Ng5 Bf5 16. Qxh7+ Kf8 17. Qh4 Bxd3 18. Nh7+ 1-0

[Event "VII. Solinger Karnevalsopen"]
[Site "Solingen"]
[Date "2016.02.06"]
[Round "3.35"]
[White "Coenen, Siegfried"]
[Black "Coenen, Michael"]
[Result "0-1"]
[WhiteElo "2073"]
[BlackElo "2418"]
[PlyCount "74"]
[EventDate "2016.??.??"]
[WhiteTeam "SG Hochneukirch"]
[BlackTeam "Düsseldorfer SK"]

1. e4 c5 2. Nf3 d6 3. d4 cxd4 4. Nxd4 Nf6 5. Nc3 a6 6. Be3 e5 7. Nb3 Be6 8. f3
b5 9. Qd2 Nbd7 10. Qf2 Be7 11. O-O-O Qc7 12. g4 b4 13. Na4 Rb8 14. Nd2 O-O 15.
b3 Rfc8 16. Bd3 d5 17. g5 d4 18. Bxd4 exd4 19. gxf6 Ne5 20. Nc4 Bxc4 21. bxc4
Bxf6 22. Nb2 Bg5+ 23. Kb1 Be3 24. Qg3 a5 25. f4 Nxd3 26. cxd3 a4 27. f5 Bf4 28.
Qg2 a3 29. Rdf1 axb2 30. Rhg1 Be5 31. f6 g6 32. Qg5 b3 33. a3 Rb6 34. Rf5 Bxf6
35. Rxf6 Rxf6 36. Qxf6 Qxh2 37. Qxd4 Qc2# 0-1

[Event "VII. Solinger Karnevalsopen"]
[Site "Solingen"]
[Date "2016.02.07"]
[Round "4.1"]
[White "Krüger, Andre"]
[Black "Wegerle, Jörg"]
[Result "1/2-1/2"]
[WhiteElo "2103"]
[BlackElo "2440"]
[PlyCount "41"]
[EventDate "2016.??.??"]
[WhiteTeam "SV Mülheim-Nord"]
[BlackTeam "SG Solingen"]

1. b3 d5 2. Bb2 Bg4 3. f3 Bh5 4. Nh3 f6 5. Nf4 Bf7 6. d4 e6 7. e4 Bd6 8. Nd3
Nd7 9. Qe2 c6 10. Nd2 Qe7 11. e5 fxe5 12. dxe5 Ba3 13. Bxa3 Qxa3 14. g3 Bg6 15.
Bh3 Bxd3 16. Qxd3 Nh6 17. f4 Qe7 18. c4 Nc5 19. Qe3 Rd8 20. b4 Na6 21. a3
1/2-1/2

[Event "VII. Solinger Karnevalsopen"]
[Site "Solingen"]
[Date "2016.02.07"]
[Round "4.2"]
[White "Coenen, Michael"]
[Black "Quast, Marcel"]
[Result "1-0"]
[WhiteElo "2418"]
[BlackElo "2216"]
[PlyCount "117"]
[EventDate "2016.??.??"]
[WhiteTeam "Düsseldorfer SK"]
[BlackTeam "SC Gerthe - Werne"]

1. e4 e5 2. Nc3 Nf6 3. Nf3 d6 4. d4 exd4 5. Nxd4 Be7 6. g3 Nc6 7. Bg2 Ne5 8.
O-O O-O 9. f4 Ng6 10. Nf5 c6 11. b3 d5 12. Nxe7+ Qxe7 13. Bb2 dxe4 14. Re1 Bg4
15. Qd4 Rad8 16. Qxa7 Rd2 17. Nxe4 Rxg2+ 18. Kxg2 Nxe4 19. Bxg7 Kxg7 20. Qd4+
Qf6 21. Rxe4 Bf5 22. Qxf6+ Kxf6 23. Re2 Rd8 24. Rae1 h5 25. c4 h4 26. Kf3 hxg3
27. hxg3 Rg8 28. Re8 Rg7 29. Rh1 Bd7 30. Re3 c5 31. Rh5 Bc6+ 32. Kf2 b6 33. Rh6
Bd7 34. Rd3 Ke7 35. Re3+ Kf6 36. Rh5 Rg8 37. Rd3 Ke7 38. Rh6 Bf5 39. Rd5 Be6
40. Rd2 Kf6 41. a4 Bg4 42. Rh1 Re8 43. Re1 Rb8 44. Rd6+ Kg7 45. Rd5 Be6 46. Rh5
Kf6 47. Kf3 Rd8 48. Re3 Rd1 49. a5 bxa5 50. Rxc5 a4 51. bxa4 Ne7 52. Ra3 Nf5
53. a5 Nd4+ 54. Kf2 Nc2 55. Rc3 Nb4 56. Rg5 Ra1 57. g4 Nc6 58. Rc5 Nxa5 59. f5
1-0

[Event "VII. Solinger Karnevalsopen"]
[Site "Solingen"]
[Date "2016.02.07"]
[Round "4.3"]
[White "Michalczak, Thomas"]
[Black "Lenhardt, Manfred"]
[Result "1-0"]
[WhiteElo "2248"]
[BlackElo "2136"]
[PlyCount "73"]
[EventDate "2016.??.??"]
[WhiteTeam "SG Solingen"]
[BlackTeam "SC Weisse Dame (Berlin)"]

1. e4 e6 2. d4 d5 3. Nc3 Bb4 4. e5 c5 5. a3 Bxc3+ 6. bxc3 Ne7 7. Qg4 Qc7 8.
Qxg7 Rg8 9. Qxh7 cxd4 10. Ne2 dxc3 11. f4 Nbc6 12. Qd3 d4 13. Nxd4 Nxd4 14.
Qxd4 Bd7 15. Rg1 Rh8 16. h3 Nf5 17. Qf2 Bc6 18. g4 Nh4 19. Rg3 Qa5 20. Qe3 Qd5
21. Qxc3 Qh1 22. Be3 Rd8 23. f5 Rd5 24. Bg5 Qe4+ 25. Qe3 Rxe5 26. Qxe4 Rxe4+
27. Kf2 exf5 28. Bf6 Rh6 29. g5 Rxf6 30. gxf6 Kd7 31. Re3 Ke6 32. Bd3 Rxe3 33.
Kxe3 Kxf6 34. Rg1 Ng6 35. Kd4 Nf8 36. h4 Ne6+ 37. Kc4 $138 1-0

[Event "VII. Solinger Karnevalsopen"]
[Site "Solingen"]
[Date "2016.02.07"]
[Round "4.4"]
[White "Marcziter, Dr. Dmitrii"]
[Black "Koellner, Ulrich"]
[Result "1-0"]
[WhiteElo "2311"]
[BlackElo "1820"]
[PlyCount "63"]
[EventDate "2016.??.??"]
[WhiteTeam "DJK Aufwärts Aachen"]
[BlackTeam "SV Hofheim"]

1. d4 Nf6 2. Nf3 d5 3. c4 c6 4. Nc3 e6 5. e3 Nbd7 6. Qc2 Be7 7. g4 h6 8. Rg1 g5
9. h4 gxh4 10. Bd2 Qc7 11. O-O-O b6 12. g5 Ne4 13. Nxe4 dxe4 14. Qxe4 hxg5 15.
Nxg5 Bxg5 16. Rxg5 Bb7 17. Rg7 O-O-O 18. Rxf7 Rde8 19. Bh3 c5 20. Qf4 Qxf4 21.
Rxf4 Kb8 22. Rf7 Nf8 23. Rg1 Rh7 24. Rgg7 Rxg7 25. Rxg7 Be4 26. Rg4 Bd3 27.
Rxh4 Bxc4 28. b3 Bb5 29. Rh8 Kc7 30. Bc3 Bd7 31. dxc5 bxc5 32. Bg7 1-0

[Event "VII. Solinger Karnevalsopen"]
[Site "Solingen"]
[Date "2016.02.07"]
[Round "4.5"]
[White "Sherif, Amina"]
[Black "Mühlenhaus, Sven"]
[Result "0-1"]
[WhiteElo "1982"]
[BlackElo "2251"]
[PlyCount "80"]
[EventDate "2016.??.??"]
[WhiteTeam "SG Solingen"]
[BlackTeam "Oberbilker SV"]

1. Nf3 Nf6 2. d4 e6 3. e3 b6 4. Bd3 Bb7 5. O-O c5 6. c4 cxd4 7. exd4 d5 8. cxd5
Nxd5 9. Ne5 a6 10. Nc3 Nd7 11. Nxd5 Bxd5 12. Bf4 Nxe5 13. dxe5 Bc5 14. Qe2 Qh4
15. Be3 Bxe3 16. Qxe3 O-O 17. Rfd1 Rfc8 18. Rac1 b5 19. b3 h6 20. Rxc8+ Rxc8
21. Rc1 Qd8 22. Bb1 b4 23. Rxc8 Qxc8 24. f3 a5 25. Kf2 Qc7 26. Be4 Qc6 27. Ke2
g6 28. Bxd5 Qxd5 29. g3 Kg7 30. f4 a4 31. Qd2 Qe4+ 32. Qe3 Qb1 33. Qd2 axb3 34.
axb3 Qxb3 35. Qd8 Qa2+ 36. Ke1 Qd5 37. Qf6+ Kg8 38. Qe7 b3 39. Qb4 b2 40. Kf2
Qh1 0-1

[Event "VII. Solinger Karnevalsopen"]
[Site "Solingen"]
[Date "2016.02.07"]
[Round "4.6"]
[White "Rosenauer, Horst"]
[Black "Schleining, Zoya"]
[Result "0-1"]
[WhiteElo "1948"]
[BlackElo "2354"]
[PlyCount "24"]
[EventDate "2016.??.??"]
[WhiteTeam "Bergische SF"]
[BlackTeam "SV Letmathe"]

1. e4 c5 2. Nf3 Nc6 3. d4 cxd4 4. Nxd4 e6 5. c4 Nf6 6. Nc3 Bb4 7. Nxc6 bxc6 8.
e5 Ne4 9. Qd3 Qa5 10. Qxe4 Bxc3+ 11. Kd1 Qxe5 12. Qxe5 Bxe5 0-1

[Event "VII. Solinger Karnevalsopen"]
[Site "Solingen"]
[Date "2016.02.07"]
[Round "4.7"]
[White "Vranidis, Athanassios"]
[Black "Görke, Joachim"]
[Result "0-1"]
[WhiteElo "1945"]
[BlackElo "2127"]
[PlyCount "38"]
[EventDate "2016.??.??"]
[WhiteTeam "SG Solingen"]
[BlackTeam "SG Solingen"]

1. d4 e6 2. c4 f5 3. g3 Nf6 4. Bg2 Be7 5. Nc3 O-O 6. e4 fxe4 7. Nxe4 Nxe4 8.
Bxe4 d5 9. Bg2 c5 10. Nf3 Nc6 11. Be3 cxd4 12. Nxd4 Bb4+ 13. Bd2 Bc5 14. Be3
Qa5+ 15. Kf1 Qb6 16. Nxc6 Bxe3 17. Ne7+ Kh8 18. f4 Qxb2 19. Qe1 Bxf4 0-1

[Event "VII. Solinger Karnevalsopen"]
[Site "Solingen"]
[Date "2016.02.07"]
[Round "4.8"]
[White "König, Falk"]
[Black "Boschek, Dr. Hans-Joachim"]
[Result "1/2-1/2"]
[WhiteElo "2066"]
[BlackElo "1896"]
[PlyCount "130"]
[EventDate "2016.??.??"]
[WhiteTeam "SF Vonkeln"]
[BlackTeam "SG Solingen"]

1. d4 Nf6 2. c4 e6 3. Nc3 Bb4 4. a3 Bxc3+ 5. bxc3 b6 6. f3 d5 7. cxd5 exd5 8.
e3 O-O 9. Bd3 Ba6 10. Ne2 Bxd3 11. Qxd3 c5 12. O-O Re8 13. Ng3 Nc6 14. Ra2 Qd7
15. Re2 Rad8 16. Bb2 cxd4 17. cxd4 Re6 18. Rd1 Ne7 19. e4 Ng6 20. Qd2 dxe4 21.
fxe4 Qe8 22. Rde1 Ne5 23. Qc3 Rc6 24. Qb3 Nc4 25. d5 Rc7 26. Bxf6 gxf6 27. Nf5
Qe5 28. Qh3 Kh8 29. Rc2 b5 30. a4 a6 31. axb5 axb5 32. Qd3 Rcd7 33. Rb1 Nd6 34.
Nxd6 Rxd6 35. Rxb5 f5 36. exf5 Rxd5 37. Rxd5 Rxd5 38. f6 Qe1+ 39. Qf1 Qe3+ 40.
Kh1 Qe6 41. Qa1 h6 42. h3 Rf5 43. Ra2 Qxf6 44. Qxf6+ Rxf6 45. Kh2 Kg7 46. Ra4
Rb6 47. Rg4+ Kf6 48. Kg3 Rb3+ 49. Kh4 Rb5 50. Rf4+ Kg6 51. Rc4 Rb6 52. Kg4 Rb5
53. Rc6+ f6 54. Rc4 Rg5+ 55. Kf3 Rf5+ 56. Rf4 Ra5 57. Rg4+ Kf7 58. Kf4 Ra4+ 59.
Kg3 Ra5 60. h4 Ra3+ 61. Kh2 Ra5 62. Kh3 Ra3+ 63. g3 Ra5 64. Rf4 Kg6 65. Rf3 h5
1/2-1/2

[Event "VII. Solinger Karnevalsopen"]
[Site "Solingen"]
[Date "2016.02.07"]
[Round "4.9"]
[White "Sewald, Kathrin"]
[Black "Esser, Thomas"]
[Result "0-1"]
[WhiteElo "1754"]
[BlackElo "2003"]
[PlyCount "110"]
[EventDate "2016.??.??"]
[WhiteTeam "SG Porz"]
[BlackTeam "PTSV Aachen"]

1. f4 Nf6 2. Nf3 c5 3. d3 d5 4. e3 Nc6 5. Be2 e6 6. O-O Be7 7. h3 Qc7 8. Nh2
Bd7 9. Nd2 e5 10. f5 O-O-O 11. c3 g6 12. fxg6 hxg6 13. e4 Be6 14. Qe1 Nh5 15.
Ndf3 f5 16. Ng5 Qd7 17. Nxe6 Qxe6 18. g4 Nf4 19. Bxf4 exf4 20. Bf3 fxe4 21.
dxe4 d4 22. Bg2 Kb8 23. e5 Bh4 24. Qe4 Bg3 25. Nf3 Rhe8 26. cxd4 cxd4 27. Rfd1
d3 28. Rd2 Re7 29. Rad1 Qxa2 30. Qxg6 Qe6 31. Qe4 Nxe5 32. Nxe5 Qxe5 33. Qxe5+
Rxe5 34. Rxd3 Rxd3 35. Rxd3 Re1+ 36. Bf1 Kc7 37. Kg2 b6 38. Rc3+ Kd6 39. g5 Re5
40. Rxg3 fxg3 41. Kxg3 Rxg5+ 42. Kf4 Rg1 43. Bc4 Rh1 44. Kg4 Ke5 45. h4 Rg1+
46. Kh5 a5 47. b3 Kf6 48. Kh6 Rg4 49. h5 Rxc4 50. bxc4 a4 51. c5 bxc5 52. Kh7
a3 53. h6 Kf7 54. Kh8 a2 55. h7 a1=Q# 0-1

[Event "VII. Solinger Karnevalsopen"]
[Site "Solingen"]
[Date "2016.02.07"]
[Round "4.10"]
[White "Speck, Stefan"]
[Black "Bussard, Achim"]
[Result "1-0"]
[WhiteElo "1984"]
[BlackElo "1747"]
[PlyCount "77"]
[EventDate "2016.??.??"]
[WhiteTeam "SC Solingen 28"]
[BlackTeam "SG Niederkassel"]

1. e4 Nf6 2. d3 d5 3. Nd2 dxe4 4. dxe4 e6 5. c3 c5 6. Ngf3 Nc6 7. Qc2 Be7 8.
Be2 Qc7 9. a4 O-O 10. Nc4 e5 11. Bg5 h6 12. Bxf6 Bxf6 13. Ne3 Ne7 14. Bc4 g6
15. Rd1 Rd8 16. Rxd8+ Qxd8 17. Qb3 Qf8 18. O-O b6 19. Rd1 Bb7 20. Nd5 Bxd5 21.
Bxd5 Nxd5 22. Rxd5 Rd8 23. Qd1 Rxd5 24. Qxd5 Qe7 25. Kf1 Kh7 26. Ke2 Bg7 27.
Nd2 f6 28. Nc4 Bf8 29. Ne3 Kg7 30. Kd3 Qc7 31. Qe6 a6 32. Qxf6+ Kxf6 33. Nd5+
Ke6 34. Nxc7+ Kd6 35. Nxa6 Kc6 36. Kc4 Kb7 37. Kb5 Be7 38. a5 bxa5 39. Nxc5+
1-0

[Event "VII. Solinger Karnevalsopen"]
[Site "Solingen"]
[Date "2016.02.07"]
[Round "4.11"]
[White "Padva, Leo"]
[Black "Kühn, Patrick"]
[Result "1/2-1/2"]
[WhiteElo "1843"]
[BlackElo "1983"]
[PlyCount "95"]
[EventDate "2016.??.??"]
[WhiteTeam "SG Porz"]
[BlackTeam "SG Hochneukirch"]

1. c4 Nf6 2. Nc3 g6 3. g3 Bg7 4. Bg2 O-O 5. e3 d6 6. Nge2 Nbd7 7. d4 e5 8. O-O
Re8 9. Qc2 c6 10. b3 Qe7 11. Ba3 e4 12. Rad1 Nf8 13. b4 b6 14. b5 c5 15. dxc5
dxc5 16. Nf4 Bb7 17. Bb2 Rad8 18. Ba1 g5 19. Ncd5 Nxd5 20. Nxd5 Bxd5 21. Bxg7
Kxg7 22. Rxd5 Rxd5 23. cxd5 Qe5 24. Rd1 f5 25. Qa4 Re7 26. d6 Rd7 27. g4 fxg4
28. Qxe4 Qxe4 29. Bxe4 Kf6 30. Rd5 Ne6 31. Bf5 h5 32. Kg2 Rd8 33. Bxe6 Kxe6 34.
Rxg5 Kxd6 35. Rxh5 c4 36. Kg3 Rc8 37. e4 c3 38. Rd5+ Ke6 39. Rd1 c2 40. Rc1 Ke5
41. f3 gxf3 42. Kxf3 Rc3+ 43. Ke2 Kxe4 44. Kd2 Rh3 45. Kxc2 Rxh2+ 46. Kb3 Rh7
47. Rd1 Ke5 48. a4 1/2-1/2

[Event "VII. Solinger Karnevalsopen"]
[Site "Solingen"]
[Date "2016.02.07"]
[Round "4.12"]
[White "Wolff, Michael"]
[Black "Erkay, Ali"]
[Result "1-0"]
[WhiteElo "1970"]
[BlackElo "1916"]
[PlyCount "95"]
[EventDate "2016.??.??"]
[WhiteTeam "Ford SF Köln"]
[BlackTeam "SG Solingen"]

1. e4 Nf6 2. Nc3 d5 3. e5 Nfd7 4. d4 c5 5. dxc5 e6 6. f4 Bxc5 7. Qg4 O-O 8. Bd3
f5 9. exf6 Nxf6 10. Qe2 Bxg1 11. Rxg1 Qb6 12. Qf2 Qxf2+ 13. Kxf2 e5 14. fxe5
Ne4+ 15. Ke1 Nxc3 16. bxc3 Nc6 17. Be3 Nxe5 18. Bd4 Nxd3+ 19. cxd3 Bd7 20. Kd2
a6 21. Rae1 Rfe8 22. Rgf1 Rxe1 23. Rxe1 Re8 24. Rf1 Rf8 25. Rb1 Bc6 26. Rh1 Bd7
27. Rb1 Bc6 28. Bc5 Re8 29. Rf1 Bd7 30. Rf4 Bc6 31. Rf5 Rd8 32. Be7 Re8 33. Bc5
Rd8 34. Ke3 Re8+ 35. Kd4 g6 36. Re5 Rxe5 37. Kxe5 Kf7 38. g3 Bb5 39. d4 Bc6 40.
a3 h5 41. h4 Kg7 42. Ke6 Kg8 43. c4 dxc4 44. d5 Ba4 45. d6 c3 46. d7 Bxd7+ 47.
Kxd7 c2 48. Be3 1-0

[Event "VII. Solinger Karnevalsopen"]
[Site "Solingen"]
[Date "2016.02.07"]
[Round "4.13"]
[White "Spradley, Julian"]
[Black "Borchert, Stephan"]
[Result "1/2-1/2"]
[WhiteElo "1744"]
[BlackElo "1956"]
[PlyCount "109"]
[EventDate "2016.??.??"]
[WhiteTeam "SV Erftstadt"]
[BlackTeam "SG Solingen"]

1. d4 Nf6 2. Bg5 d5 3. Bxf6 exf6 4. e3 Be6 5. g3 Bd6 6. Bg2 O-O 7. Ne2 c6 8.
Nd2 f5 9. O-O Nd7 10. b3 Nf6 11. c4 Ne4 12. c5 Bc7 13. Nb1 a5 14. Nbc3 Qe7 15.
Qd3 Bd7 16. Na4 Ra6 17. Rfc1 Re8 18. Re1 Qf6 19. Nc1 Qh6 20. Qd1 Ng5 21. Nd3 f6
22. Nf4 Ne4 23. f3 Ng5 24. h4 Nf7 25. Kf2 Re7 26. Nd3 g5 27. hxg5 fxg5 28. f4
Qg7 29. Ne5 Be8 30. Bf1 Ra8 31. Bd3 Nh6 32. Rh1 Bxe5 33. fxe5 Ng4+ 34. Ke2 Bg6
35. Qc2 Rf8 36. Raf1 Ref7 37. Nc3 f4 38. gxf4 gxf4 39. Bxg6 Qxg6 40. Qxg6+ hxg6
41. Rxf4 Rxf4 42. exf4 Rxf4 43. Rf1 Rxf1 44. Kxf1 Kf7 45. Ke2 Ke6 46. a3 Nh6
47. b4 axb4 48. axb4 Nf5 49. Kd3 g5 50. b5 g4 51. b6 g3 52. Ne2 Kf7 53. Nf4 Nh4
54. Ke3 Nf5+ 55. Kd3 1/2-1/2

[Event "VII. Solinger Karnevalsopen"]
[Site "Solingen"]
[Date "2016.02.07"]
[Round "4.14"]
[White "Zolfagharian, Kevin"]
[Black "Rahimi, Rozafa"]
[Result "1-0"]
[WhiteElo "2129"]
[BlackElo "1632"]
[PlyCount "45"]
[EventDate "2016.??.??"]
[WhiteTeam "SG Solingen"]
[BlackTeam "Hellertaler SF"]

1. e4 d5 2. exd5 Qxd5 3. Nc3 Qd8 4. Nf3 Bf5 5. d4 e6 6. Ne5 Nd7 7. Bf4 Nxe5 8.
Bxe5 c6 9. g4 Bg6 10. Qe2 f6 11. Bg3 Qxd4 12. Qxe6+ Be7 13. Bg2 Qd7 14. Qxd7+
Kxd7 15. O-O-O+ Kc8 16. Rhe1 Bd8 17. Nb5 cxb5 18. Bd5 b6 19. Re3 b4 20. Bxa8
Ne7 21. Bg2 Bf7 22. Red3 Be6 23. Bf1 1-0

[Event "VII. Solinger Karnevalsopen"]
[Site "Solingen"]
[Date "2016.02.07"]
[Round "4.15"]
[White "Flesch, Dr. Stefan"]
[Black "Spindler, Florian"]
[Result "1/2-1/2"]
[WhiteElo "2075"]
[BlackElo "1847"]
[PlyCount "27"]
[EventDate "2016.??.??"]
[WhiteTeam "SG Solingen"]
[BlackTeam "SG Porz"]

1. d4 Nf6 2. c4 g6 3. Nc3 d5 4. e3 Bg7 5. Qb3 dxc4 6. Bxc4 O-O 7. Nf3 c5 8.
dxc5 Qc7 9. O-O Qxc5 10. e4 e6 11. Be3 Qe7 12. Rac1 Nc6 13. Be2 b6 14. Nd2
1/2-1/2

[Event "VII. Solinger Karnevalsopen"]
[Site "Solingen"]
[Date "2016.02.07"]
[Round "4.16"]
[White "Gutt, Stefan"]
[Black "Meckel, Helmut"]
[Result "1-0"]
[WhiteElo "1950"]
[BlackElo "1793"]
[PlyCount "51"]
[EventDate "2016.??.??"]
[WhiteTeam "Bergische SF"]
[BlackTeam "SG Solingen"]

1. d4 Nf6 2. Nf3 e6 3. e3 c5 4. Bd3 d5 5. c3 Nc6 6. Nbd2 cxd4 7. exd4 Bd6 8.
O-O O-O 9. Re1 Re8 10. Ne5 Qc7 11. Ndf3 h6 12. Qe2 Nd7 13. Bc2 Ncxe5 14. dxe5
Be7 15. Qd3 Nf8 16. Nd4 f6 17. Bf4 f5 18. Bb3 a6 19. Rac1 Nd7 20. Nxe6 Nc5 21.
Nxc7 Nxd3 22. Nxa8 Nxf4 23. Rcd1 Be6 24. Nc7 Rd8 25. Nxe6 Nxe6 26. Bxd5 1-0

[Event "VII. Solinger Karnevalsopen"]
[Site "Solingen"]
[Date "2016.02.07"]
[Round "4.17"]
[White "Reinacher, Detlev"]
[Black "Raygrotzki, Norbert"]
[Result "1/2-1/2"]
[WhiteElo "1759"]
[BlackElo "1925"]
[PlyCount "115"]
[EventDate "2016.??.??"]
[WhiteTeam "SC Hansa Dortmund"]
[BlackTeam "SV Dinslaken"]

1. e4 d5 2. exd5 Qxd5 3. Nf3 e5 4. d3 Nc6 5. c3 Bf5 6. Nh4 Be6 7. Nd2 O-O-O 8.
Qc2 Bc5 9. b4 Bxb4 10. cxb4 Qd4 11. Bb2 Qxh4 12. a3 Nd4 13. Bxd4 Qxd4 14. Rc1
Rd7 15. Nf3 Qd5 16. Be2 f6 17. O-O Ne7 18. Qa4 Kb8 19. Nd2 Qd4 20. Rc2 Rd6 21.
Nb3 Bxb3 22. Qxb3 Qd5 23. Qb1 Nf5 24. Rc5 Qf7 25. Rfc1 Rd7 26. Bg4 Nd4 27. Bxd7
Ne2+ 28. Kf1 Nxc1 29. Rxc1 Qxd7 30. Rc3 Rd8 31. Qc2 h5 32. h3 g5 33. f3 c6 34.
a4 g4 35. hxg4 hxg4 36. fxg4 Qxg4 37. b5 cxb5 38. axb5 e4 39. dxe4 Rd1+ 40. Kf2
Qf4+ 41. Ke2 Qg4+ 42. Kf2 Qh4+ 43. Ke2 Qe1+ 44. Kf3 Qf1+ 45. Kg3 Rd8 46. Qf2
Rg8+ 47. Kf3 Qxb5 48. g4 Qe5 49. Qg3 Re8 50. Qxe5+ Rxe5 51. Rd3 Kc7 52. Rd5 Re6
53. Kf4 b6 54. Kf5 Rc6 55. e5 fxe5 56. Rxe5 a5 57. g5 Rc1 58. g6 1/2-1/2

[Event "VII. Solinger Karnevalsopen"]
[Site "Solingen"]
[Date "2016.02.07"]
[Round "4.18"]
[White "Kreutzmann, Duke"]
[Black "Kissing, Bastian"]
[Result "1-0"]
[WhiteElo "1754"]
[BlackElo "1854"]
[PlyCount "37"]
[EventDate "2016.??.??"]
[WhiteTeam "Düsseldorfer SK"]
[BlackTeam "SC Tornado Wuppertal"]

1. d4 Nf6 2. Nf3 e6 3. Bf4 d5 4. e3 c5 5. c3 Nc6 6. Bd3 Qb6 7. Qb3 c4 8. Qxb6
axb6 9. Bc2 b5 10. Ke2 b4 11. Nbd2 b5 12. a4 bxa4 13. Bxa4 Bd7 14. Bxc6 Bxc6
15. Rxa8+ Bxa8 16. Ra1 Bb7 17. Ra7 Bc8 18. Ra8 Kd8 19. Ne5 1-0

[Event "VII. Solinger Karnevalsopen"]
[Site "Solingen"]
[Date "2016.02.07"]
[Round "4.19"]
[White "Bigott, Martin"]
[Black "Bashylina, Luisa"]
[Result "1-0"]
[WhiteElo "1908"]
[BlackElo "1624"]
[PlyCount "89"]
[EventDate "2016.??.??"]
[WhiteTeam "SF Lohmar"]
[BlackTeam "SG Solingen"]

1. d4 Nf6 2. Nf3 g6 3. b3 Bg7 4. Bb2 d6 5. Nbd2 O-O 6. e4 Nfd7 7. Rb1 e5 8. c3
Nc6 9. a3 Ne7 10. Bc4 Kh8 11. Ng5 Qe8 12. O-O h6 13. Ngf3 f5 14. Bd3 f4 15. c4
g5 16. b4 Bf6 17. c5 g4 18. cxd6 cxd6 19. dxe5 dxe5 20. Ne1 h5 21. Nc4 Qg6 22.
g3 Qh6 23. Ng2 f3 24. Nge3 b5 25. Nd6 Nb6 26. Qb3 Kg7 27. Rbc1 Kh7 28. Bxb5 h4
29. Nxc8 Raxc8 30. Nxg4 Qg7 31. Qe6 Ng6 32. Rxc8 Nxc8 33. Nxf6+ Qxf6 34. Qxf6
Rxf6 35. Rd1 Nb6 36. a4 Rf7 37. a5 Nc8 38. Rd7 Rxd7 39. Bxd7 Nd6 40. b5 hxg3
41. hxg3 Nf8 42. Bc6 Nc4 43. Bc3 Ng6 44. Bd5 Nd6 45. b6 1-0

[Event "VII. Solinger Karnevalsopen"]
[Site "Solingen"]
[Date "2016.02.07"]
[Round "4.20"]
[White "Hufnagel, Markus"]
[Black "Rahimi, Rahim"]
[Result "0-1"]
[WhiteElo "1693"]
[BlackElo "2083"]
[PlyCount "94"]
[EventDate "2016.??.??"]
[WhiteTeam "SW Oberhausen"]
[BlackTeam "Hellertaler SF"]

1. c4 b6 2. Nc3 Bb7 3. Nf3 e6 4. g3 Be7 5. Bg2 Nc6 6. O-O h5 7. d4 h4 8. d5 Nb8
9. e4 hxg3 10. hxg3 d6 11. dxe6 fxe6 12. Nd4 Qd7 13. Qg4 Kf7 14. Qf3+ Nf6 15.
Bg5 c5 16. Bxf6 Bxf6 17. Nde2 Nc6 18. e5 dxe5 19. Rad1 Qe7 20. Ne4 Rad8 21. g4
Kg8 22. g5 Bxg5 23. Qg4 Bh4 24. Rxd8+ Nxd8 25. N2g3 Bxg3 26. fxg3 Rh6 27. Qg5
Qxg5 28. Nxg5 Bxg2 29. Kxg2 Nc6 30. Rd1 Rg6 31. Rd6 Rxg5 32. Rxc6 Rg4 33. b3
Kf7 34. Rc7+ Kf6 35. Rxa7 Rd4 36. Kf3 g5 37. Ra8 e4+ 38. Ke3 Ke5 39. Rg8 Rd3+
40. Kf2 Rf3+ 41. Kg2 Rf5 42. g4 Rf6 43. Rxg5+ Kd4 44. Rh5 e3 45. g5 Rf5 46. Kg3
e2 47. Rh4+ Kd3 0-1

[Event "VII. Solinger Karnevalsopen"]
[Site "Solingen"]
[Date "2016.02.07"]
[Round "4.22"]
[White "Tayyar, Alptug"]
[Black "Bashylin, Seva"]
[Result "1-0"]
[WhiteElo "2022"]
[BlackElo "1709"]
[PlyCount "63"]
[EventDate "2016.??.??"]
[WhiteTeam "SW Remscheid"]
[BlackTeam "SG Solingen"]

1. e4 e6 2. d4 d5 3. Nc3 Bb4 4. e5 b6 5. f4 Qd7 6. Nf3 Ba6 7. Bxa6 Nxa6 8. Qd3
Nb8 9. O-O c5 10. a3 cxd4 11. Nxd4 Bf8 12. f5 Nc6 13. fxe6 fxe6 14. Rxf8+ Kxf8
15. Qf3+ Ke8 16. Ncb5 Nxd4 17. Nxd4 Ne7 18. c4 Rf8 19. Qh5+ Ng6 20. Nb5 dxc4
21. Nd6+ Kd8 22. Bg5+ Kc7 23. Rd1 Qa4 24. Rc1 b5 25. Qe2 a6 26. Nxc4 Kb8 27.
Nb6 Qd4+ 28. Be3 Qd8 29. Rd1 Qc7 30. Rd7 Qxe5 31. Qd2 Qf6 32. Qd6# 1-0

[Event "VII. Solinger Karnevalsopen"]
[Site "Solingen"]
[Date "2016.02.07"]
[Round "4.23"]
[White "Meißner, Michael"]
[Black "Ehringfeld, Michael"]
[Result "1-0"]
[WhiteElo "1882"]
[BlackElo "1603"]
[PlyCount "79"]
[EventDate "2016.??.??"]
[WhiteTeam "Oberbilker SV"]
[BlackTeam "SG Solingen"]

1. e4 e6 2. d4 d5 3. Nd2 Nc6 4. Ngf3 dxe4 5. Nxe4 Nf6 6. Nxf6+ Qxf6 7. Bg5 Qf5
8. Bd3 Qa5+ 9. Bd2 Qb6 10. Bc3 Bb4 11. O-O Bxc3 12. bxc3 Qa5 13. Qd2 h6 14.
Rfe1 O-O 15. Ne5 Nxd4 16. Nc4 Nf3+ 17. gxf3 Qh5 18. Ne5 b6 19. Be4 Rb8 20. Nc6
Bb7 21. Nxb8 Bxe4 22. fxe4 Qg4+ 23. Kf1 Qh3+ 24. Ke2 Qg4+ 25. f3 Qg2+ 26. Ke3
Qg5+ 27. f4 Qc5+ 28. Qd4 Qxd4+ 29. cxd4 Rxb8 30. c4 Kf8 31. d5 Ke7 32. Rg1 Rg8
33. e5 g6 34. a4 exd5 35. cxd5 Rd8 36. Ke4 Rg8 37. Rac1 c5 38. dxc6 Rc8 39.
Rgd1 Rc7 40. Rd7+ 1-0